Internal learning management system (Record no. 5537)
[ view plain ]
| 000 -LEADER | |
|---|---|
| fixed length control field | 00441nam a22001577a 4500 |
| 003 - CONTROL NUMBER IDENTIFIER | |
| control field | OSt |
| 005 - DATE AND TIME OF LATEST TRANSACTION | |
| control field | 20220107122824.0 |
| 008 - FIXED-LENGTH DATA ELEMENTS--GENERAL INFORMATION | |
| fixed length control field | 161227b xxu||||| |||| 00| 0 eng d |
| 040 ## - CATALOGING SOURCE | |
| Transcribing agency | IIITMK |
| 100 ## - MAIN ENTRY--PERSONAL NAME | |
| Personal name | Praveena P Prasannan (91614017) |
| 9 (RLIN) | 11170 |
| 245 ## - TITLE STATEMENT | |
| Title | Internal learning management system |
| 300 ## - PHYSICAL DESCRIPTION | |
| Extent | MSc IT - Main |
| 502 ## - DISSERTATION NOTE | |
| Degree type | MSc IT |
| Name of granting institution | 2014-16 |
| Year degree granted | INT |
| -- | Mr. David Mathews |
| 650 ## - SUBJECT ADDED ENTRY--TOPICAL TERM | |
| Topical term or geographic name entry element | LEARNING MANAGEMENT SYSTEM |
| 9 (RLIN) | 11323 |
| 942 ## - ADDED ENTRY ELEMENTS (KOHA) | |
| Source of classification or shelving scheme | Dewey Decimal Classification |
| Koha item type | |
| Withdrawn status | Lost status | Source of classification or shelving scheme | Damaged status | Not for loan | Home library | Current library | Date acquired | Total Checkouts | Barcode | Date last seen | Price effective from | Koha item type |
|---|---|---|---|---|---|---|---|---|---|---|---|---|
| Dewey Decimal Classification | IIITM-K | Kerala University of Digital Sciences, Innovation and Technology Knowledge Centre | 27/12/2016 | R-1174 | 27/12/2016 | 27/12/2016 | Project Reports |